Normal view
MARC view
- MS-ESE Thesis MS Thesis
Entry Topical Term
001 - CONTROL NUMBER
- control field: 116276
003 - CONTROL NUMBER IDENTIFIER
- control field: NUST
005 - DATE AND TIME OF LATEST TRANSACTION
- control field: 20230912165921.0
008 - FIXED-LENGTH DATA ELEMENTS
- fixed length control field: 230912|| aca||aabn | a|a d
040 ## - CATALOGING SOURCE
- Original cataloging agency: NUST
- Transcribing agency: NUST
150 ## - HEADING--TOPICAL TERM
- Topical term or geographic name entry element: MS-ESE Thesis MS Thesis
670 ## - SOURCE DATA FOUND
- Source citation: Work cat.: (NUST): Mahesh Kumar (NUST201260728MCES64112F) 116275, Heat extraction from the solar pond /, 2015
